Yanaconaje y reforma agraria en el Perú: el caso del valle de Chancay
Guardat en:
| Autor principal: | |
|---|---|
| Format: | Llibre |
| Idioma: | espanyol |
| Publicat: |
Lima
I.E.P
1976
|
| Col·lecció: | Perú Problema, 15
|
| Matèries: | |
| Etiquetes: |
Afegir etiqueta
Sense etiquetes, Sigues el primer a etiquetar aquest registre!
|
MARC
| LEADER | 00000nam a2200000 a 4500 | ||
|---|---|---|---|
| 001 | UCO3245 | ||
| 003 | CL-VaPUC | ||
| 008 | 000714e19760000PE |||||||||||||||||spa|d | ||
| 082 | 0 | 4 | |a 330.985 |b MAT |2 21 |
| 100 | |a Matos Mar, José |e autor |9 447248 | ||
| 245 | 1 | 0 | |a Yanaconaje y reforma agraria en el Perú: el caso del valle de Chancay |
| 300 | |a 268 p | ||
| 942 | |c BK | ||
| 945 | |d 20000714 00:00:00 |a rherrera | ||
| 260 | |a Lima |b I.E.P |c 1976 | ||
| 650 | 7 | |a REFORMA AGRICOLA |2 CL-VaPUC |9 447249 | |
| 650 | 0 | |a Economía peruana |9 447178 | |
| 650 | 0 | |a Yanaconaje |9 447250 | |
| 650 | 0 | |a Historia de Perú siglo 20 |9 447202 | |
| 650 | 0 | |a Contratos |9 255153 | |
| 651 | 7 | |a VALLE DE CHANCAY |2 CL-VaPUC |9 447251 | |
| 651 | 0 | |a Perú |9 256567 | |
| 583 | |a last modification |c 20160912 05:04:15 |k Rodrigo Vera | ||
| 490 | 0 | |a Perú Problema, 15 | |
| 999 | |c 289713 |d 289711 | ||
| 952 | |0 0 |1 0 |4 0 |6 330_985000000000000_MAT_1976 |7 0 |8 A |9 338320 |a BIBHIS |b BIBHIS |d 2019-11-20 |i 129704K |o 330.985 MAT 1976 |p 129704K |r 2025-01-20 |w 2019-11-20 |y BK |k HIS | ||